<?xml version="1.0" encoding="UTF-8"?>
<record
    xmlns:xsi="http://www.w3.org/2001/XMLSchema-instance"
    xsi:schemaLocation="http://www.loc.gov/MARC21/slim http://www.loc.gov/standards/marcxml/schema/MARC21slim.xsd"
    xmlns="http://www.loc.gov/MARC21/slim">

  <leader>02024nam a2200277 a 4500</leader>
  <controlfield tag="001">000087442</controlfield>
  <controlfield tag="005">20200120224957.0</controlfield>
  <controlfield tag="008">090625s2006    ck a   br|||| 000 m spa d</controlfield>
  <datafield tag="020" ind1=" " ind2=" ">
    <subfield code="a">9789589747735</subfield>
  </datafield>
  <datafield tag="090" ind1=" " ind2=" ">
    <subfield code="a">LM</subfield>
    <subfield code="b">ROMFyu</subfield>
  </datafield>
  <datafield tag="100" ind1="0" ind2=" ">
    <subfield code="a">Romero, Flor</subfield>
  </datafield>
  <datafield tag="245" ind1="1" ind2="0">
    <subfield code="a">Mi yurupary :</subfield>
    <subfield code="b">mitos, ritos y leyendas de Am&#xE9;rica /</subfield>
    <subfield code="c">Flor Romero ; ilustraciones Ana Mar&#xED;a Pe&#xF1;a.</subfield>
  </datafield>
  <datafield tag="250" ind1=" " ind2=" ">
    <subfield code="a">3a ed.</subfield>
  </datafield>
  <datafield tag="260" ind1=" " ind2=" ">
    <subfield code="a">Bogot&#xE1; :</subfield>
    <subfield code="b">Uneda,</subfield>
    <subfield code="c">2006.</subfield>
  </datafield>
  <datafield tag="300" ind1=" " ind2=" ">
    <subfield code="a">108 p&#xE1;ginas :</subfield>
    <subfield code="b">ilustraciones.</subfield>
  </datafield>
  <datafield tag="490" ind1=" " ind2="0">
    <subfield code="a">Dos mil tres lunas</subfield>
    <subfield code="v">7</subfield>
  </datafield>
  <datafield tag="520" ind1=" " ind2=" ">
    <subfield code="a">"Versi&#xF3;n original de la preciosa leyenda de El Yuruparty, que recorre selvas y r&#xED;os de Colombia, Brasil, Ecuador, Per&#xFA;, Venezuela y Guyana. Es la epopeya del poder, cuando en tiempos inmemoriales la mujer perdi&#xF3; autoridad, y el hombre se apoder&#xF3; de ella, mediante el encanto de la flauta. La leyenda es prolongada por Flor Romero hasta los tiempos modernos, en la figura de la alemana Sof&#xED;a, quen se instal&#xF3; en los predios amaz&#xF3;nicos y fue vitupeada. De estos cuentos m&#xED;ticos dijo Jos&#xE9; Garc&#xED;a Nieto (De la Real Academia Espa&#xF1;ola): Es como asomarse a lago vecinal y perdido. O a algo ganado, que se ha hundido en el mejor de nuestros sue&#xF1;os, en la primera ma&#xF1;ana del mundo. Esto es para nosotros el sonido de Am&#xE9;rica, la m&#xFA;sica y el sopor de su lengua. Flor Romero es dulce y tremenda como un dio (...). Y puede parecer que o&#xED;mos a Fern&#xE1;ndez de Oviedo o a C&#xE9;sar Vallejo. O a Flor Romero, que no inventan nada -parece que no inventan- y est&#xE1;n recogiendo sustancia y misterios americanos, que est&#xE1;n arrancando a dentelladas de la roca poderosa del lenguaje -del fuego de los dioses- esos vocablos que se nos aparecen de pronto como cristalizaciones que madrugan al conjuro del amanecer."</subfield>
  </datafield>
  <datafield tag="650" ind1="1" ind2="4">
    <subfield code="a">Mitolog&#xED;a latinoamericana</subfield>
  </datafield>
  <datafield tag="650" ind1="2" ind2="4">
    <subfield code="a">Literatura latinoamericana</subfield>
  </datafield>
  <datafield tag="650" ind1="2" ind2="4">
    <subfield code="a">Leyendas</subfield>
  </datafield>
  <datafield tag="650" ind1="2" ind2="4">
    <subfield code="a">Literatura folclorica</subfield>
  </datafield>
  <datafield tag="650" ind1="2" ind2="4">
    <subfield code="a">Mitolog&#xED;a</subfield>
  </datafield>
  <datafield tag="650" ind1="2" ind2="4">
    <subfield code="a">Leyendas indigenas</subfield>
  </datafield>
  <datafield tag="650" ind1="2" ind2="4">
    <subfield code="a">Folclor indigena</subfield>
  </datafield>
  <datafield tag="700" ind1="1" ind2=" ">
    <subfield code="a">Pe&#xF1;a, Ana Mar&#xED;a,</subfield>
    <subfield code="e">ilustrador.</subfield>
  </datafield>
  <datafield tag="999" ind1=" " ind2=" ">
    <subfield code="c">12024</subfield>
    <subfield code="d">12024</subfield>
  </datafield>
  <datafield tag="952" ind1=" " ind2=" ">
    <subfield code="0">0</subfield>
    <subfield code="1">0</subfield>
    <subfield code="2">ddc</subfield>
    <subfield code="4">0</subfield>
    <subfield code="7">0</subfield>
    <subfield code="8">LI</subfield>
    <subfield code="a">BPMOS</subfield>
    <subfield code="b">BPMOS</subfield>
    <subfield code="d">2020-01-20</subfield>
    <subfield code="l">0</subfield>
    <subfield code="o">LMROMFyu</subfield>
    <subfield code="p">MOS020049</subfield>
    <subfield code="r">2022-11-15</subfield>
    <subfield code="t">ej.1</subfield>
    <subfield code="w">2020-01-20</subfield>
    <subfield code="y">BK</subfield>
    <subfield code="z">Quince d&#xED;as</subfield>
  </datafield>
</record>
